000 00681nam a22002417a 4500
003 UA-OsUOA
001 26192
007 ta
008 20040518b un ||||| |||| 00| 0 ukr d
100 _aРублев А.Н.
090 _a512.64+514.12
_bР82
942 _cBK
040 _aUA-OsUOA
_brus
_cUA-OsUOA
_dUA-OsUOA
245 _aКурс линейной алгебры и аналитической геометрии
_bУчебник для вузов
300 _a424 с.
_bІлюстрації
955 _a0
041 _arus
080 _a512.64+514.12
260 _aМосква
_bВысшая школа
_c1972
044 _aRU
650 7 _2UDC
999 _c312508
_d312508